Italian brainrot by pictures - Statistics

General Stats
  • This quiz has been taken 582 times
  • The average score is 8 of 16
Answer Stats
Picture Answer % Correct
Tralalero Tralala
90%
brr brr patapim
87%
Tung Tung Tung Sahur
75%
Bombombini Gusini
69%
Bombardilo Crocodilo
67%
Boneca Ambalabu
58%
Lirili Larila
52%
la vaca saturno saturnita
39%
Trulimero Trulicina
37%
Cappuccino Assassino
36%
Trippi Troppi
36%
Trippi Troppi Troppa Trippa
34%
Frigo Camello
33%
Frulli Frulla
33%
il cacto hipopotamo
10%
Shimpazinni Bananinni
2%
No matching quizzes found
Score Distribution
Percent of People with Each Score
Percentile by Number Answered
Your Score History
You have not taken this quiz